Introduction to Linear Algebra / (Record no. 217986)
[ view plain ]
| 000 -LEADER | |
|---|---|
| fixed length control field | 00780 a2200193 4500 |
| 003 - CONTROL NUMBER IDENTIFIER | |
| control field | NUST |
| 005 - DATE AND TIME OF LATEST TRANSACTION | |
| control field | 20221114124355.0 |
| 022 ## - INTERNATIONAL STANDARD SERIAL NUMBER | |
| International Standard Serial Number | 8181282604 |
| 040 ## - CATALOGING SOURCE | |
| Transcribing agency | Nust |
| 082 ## - DEWEY DECIMAL CLASSIFICATION NUMBER | |
| Classification number | 512.5,LAN |
| 100 ## - MAIN ENTRY--PERSONAL NAME | |
| Personal name | Lang, Serge |
| 9 (RLIN) | 102580 |
| 245 ## - TITLE STATEMENT | |
| Title | Introduction to Linear Algebra / |
| Statement of responsibility, etc. | Serge Lang, |
| 250 ## - EDITION STATEMENT | |
| Edition statement | 2nd ed. |
| 260 ## - PUBLICATION, DISTRIBUTION, ETC. | |
| Place of publication, distribution, etc. | Spring |
| Name of publisher, distributor, etc. | New York |
| Date of publication, distribution, etc. | 2005 |
| 300 ## - PHYSICAL DESCRIPTION | |
| Extent | 293 p .: |
| Other physical details | with 66 Illustrations |
| 505 ## - FORMATTED CONTENTS NOTE | |
| Formatted contents note | Vectors(Page-1), Matrices and linear equations (Page-42), Vector Spaces (Page-88), Linear Mappings (Page-123), Composition and Inverse Mappings (Page-158), Scalar Products and orthogonality (Page-171), Determinants (Page-195), Eigenvectors and Eigenvalues (Page-233), Answers to Exercises (Page-266). |
| 650 ## - SUBJECT ADDED ENTRY--TOPICAL TERM | |
| Topical term or geographic name entry element | Linear Algebra |
| 9 (RLIN) | 57395 |
| 942 ## - ADDED ENTRY ELEMENTS (KOHA) | |
| Source of classification or shelving scheme | |
| Koha item type | Book |
| Call number prefix | 512.5,LAN |
| Withdrawn status | Lost status | Source of classification or shelving scheme | Damaged status | Not for loan | Permanent Location | Current Location | Shelving location | Date acquired | Full call number | Barcode | Date last seen | Price effective from | Koha item type | Public note |
|---|---|---|---|---|---|---|---|---|---|---|---|---|---|---|
| Military College of Signals (MCS) | Military College of Signals (MCS) | General Stacks | 12/12/2016 | 512.5,LAN | MCS31779 | 12/08/2016 | 12/12/2016 | Book | Almirah No.11, Shelf No.3 |
